| 000 | 00812nam a22002295i 4500 | ||
|---|---|---|---|
| 001 | 48276 | ||
| 003 | ES-MaACL | ||
| 005 | 20250914145929.0 | ||
| 007 | t| | ||
| 008 | 950711s1898 sp ||||1| spa d | ||
| 040 |
_aCAM _bspa _cCAM |
||
| 100 | 1 |
_aChironi, Gian Pietro. _938558 |
|
| 245 | 1 | 3 |
_aLa culpa en el derecho civil moderno _b: culpa contractual / _cpor G.P. Chironi; traducción española... por A. Posada. |
| 260 |
_aMadrid : _bHijos de Reus, _c1898. |
||
| 300 |
_a828, [4] p. ; _c23 cm. |
||
| 490 | 1 | _aBiblioteca jurídica de autores españoles y extranjeros | |
| 650 | 1 | 4 |
_aCulpa jurídica. _911512 |
| 700 | 1 |
_aPosada, Adolfo, _d1860-1944 _993316 |
|
| 830 | 0 |
_aBiblioteca jurídica de autores españoles y extranjeros _9182228 |
|
| 852 |
_aES-MaACL _jF-14602 |
||
| 999 |
_c48276 _d48276 |
||